1790 1853 1946 1520 1155 1017 1217 1033 1251 1163 1271 1842 1487 1620 1182 1966 1842 1392 1077 1361 1453 1482 1263 1086 1363 1915 1518 1169 1325 1327 1506 1480 1110 1135 1784 1420 1875 1908 1418 1653 1243 1415 1324 1766 1374 1157 1385 1229 1509 1683 1861 1531 1005 1874 1432 1204 1094 1435 1204 1067 1294 1459 1863 1175 1052 1666 1962 1649 1634 1391 1049 1741 1215 1562 1377 1998 1856 1350 1144 1090 1383 1110 1952 1312 1282 1652 1299 1475 1569 1934 1668 1617 1386 1241 1493 1728 1087 1222 1597 BCNSPRNW ULIB Ver.6.0+V

เปลี่ยนเป็นภาษาไทย

Change to English
 แสดงรายละเอียดบรรณานุกรม
  กลับหน้าหลัก

Brief Record : Get Marc (ISO 2709) : E-mail record : QR code < ปิดหน้าต่าง
LEADER : 00000nam 2200000uu 4500
001    13399108780
003     ULIB
008    110314s2551||||th 000 0 tha d
020    9789741601455
060 04 W32.5.JT3^bส661ค 2551
245 00 คนไข้หัวหมอหรือหมอหัวดื้อ /^cบรรณาธิการ, สายพิณ หัตถีรัตน์
250    พิมพ์ครั้งที่ 1
260    กรุงเทพฯ :^bหมอชาวบ้าน,^c2551
300    166 หน้า ;^c21 ซม.
650  7 กฎหมายทางการแพทย์
650  7 จรรยาแพทย์
650  7 แพทย์กับผู้ป่วย
653    Open Your Eyes Project
700 0  สายพิณ หัตถีรัตน์,^eบรรณาธิการ
945    ^p150^l0^i026334
945    ^p150^l0^i026333
945    ^p150^l0^i026332
995    ทศพร
999 ^a ใช้งานได้ทุกระบบ
รายการนี้ยังไม่มีแท็ก
คุณยังไม่ได้ล็อกอิน คุณสามารถมีกิจกรรมร่วมกับเว็บไซต์ได้ แต่ต้องล็อกอินก่อน ::
  ล็อกอิน

รายการสื่อสารสนเทศ

ลำดับที่ ประเภท เลขเรียก/บาร์โค้ด สถานที่ สถานะ
- ไม่พบข้อมูล -

รายการใกล้เคียง
    หัวเรื่อง [กฎหมายทางการแพทย์]
    หัวเรื่อง [จรรยาแพทย์]
    หัวเรื่อง [แพทย์กับผู้ป่วย]

BibComment


ยังไม่เคยถูกคอมเมนท์

คอมเมนท์ทรัพยากรรายการนี้
  คอมเมนท์: คนไข้หัวหมอหรือหม..


 Copyright 2026. Bcnsprnw @Library